MARC

LEADER 00000nam0a2200000 4500
001 51803
005 20231031040858.0
035 |a (RuTPU)RU\TPU\book\54230 
090 |a 51803 
100 |a 20030512d1971 m y0rusy50 ca 
101 0 |a rus 
102 |a RU 
105 |a a j 001zy 
200 1 |a Технология и оборудование производства электрических машин  |e учебник  |f А. А. Осьмаков 
210 |a Москва  |c Высшая школа  |d 1971 
215 |a 343 с.  |c ил. 
320 |a Библиогр.: с. 338-339 
610 1 |a учебники 
610 1 |a электрические машины 
610 1 |a производство 
610 1 |a технология 
610 1 |a оборудование 
610 1 |a электромашиностроение 
610 1 |a детали 
610 1 |a механическая обработка 
610 1 |a сердечники 
610 1 |a коллекторы 
610 1 |a контактные кольца 
610 1 |a магнитопровод 
610 1 |a обмотки 
610 1 |a сборка 
610 1 |a испытания 
675 |a 621.313.002(075.32)  |v 3 
700 1 |a Осьмаков  |b А. А.  |g Алексей Александрович 
801 1 |a RU  |b 63413507  |c 20030512  |g PSBO 
801 2 |a RU  |b 63413507  |c 20201027  |g PSBO 
900 |a Технология производства электрических машин 
942 |c BK